Internetové stránky - moderný komunikačný nástroj samosprávy

Internet ako informačné, komunikačné, reklamné a obchodné médium. Využitie internetu ako komunikačného nástroja samosprávy. Kritériá tvorby internetovej stránky územného celku. Hodnotenie internetových stránok územných celkov v Českej republike.

Na minha lista:
Detalhes bibliográficos
Autor principal: Žák, Štefan, 1971-
Formato: Capítulo de Livro
Idioma:eslovaco
Assuntos:
Tags: Adicionar Tag
Sem tags, seja o primeiro a adicionar uma tag!

MARC

LEADER 00000naa$a2200000$$$4500
001 0025100
005 20240502071421.0
041 0 |a slo 
044 |a SK 
245 1 0 |a Internetové stránky - moderný komunikačný nástroj samosprávy  |c Štefan Žák 
520 |a Internet ako informačné, komunikačné, reklamné a obchodné médium. Využitie internetu ako komunikačného nástroja samosprávy. Kritériá tvorby internetovej stránky územného celku. Hodnotenie internetových stránok územných celkov v Českej republike. 
610 2 0 |a regióny 
610 2 0 |a samospráva 
610 2 0 |a technológie informačné 
610 2 0 |a internet 
610 2 0 |a médiá 
610 2 0 |a informácie 
610 2 0 |a obyvateľstvo 
610 2 0 |a skupiny vekové 
610 2 0 |a skupiny sociálne 
610 2 0 |a súťaže 
610 2 0 |a Česko 
100 1 |a Žák, Štefan, 1971-